00498nam a2200133Ia 4500008004100000245014000041260003300181260000900214300001000223500001300233650002700246999001900273952007200292170224s9999 xx 000 0 und d aOn the Minimum Hamming Distance of the pm-ary Image of Linear Block Codes over the Finite Chain Ring Fpm + uFpm + … + ur-1Fpm, ur = 0 bPhilippine Computing Journal c2012 aVII:2 aDecember xInformation Technology c315845d315845 001040aCLbCLd2017-02-24l0r2017-02-24 00:00:00w2017-02-24ySE